WILD WEATHER (Record no. 6242)
[ view plain ]
| 000 -LEADER | |
|---|---|
| fixed length control field | 00212nam a22001097a 4500 |
| 020 ## - INTERNATIONAL STANDARD BOOK NUMBER | |
| ISBN | 978-81-7991-509-7 |
| 082 ## - DEWEY DECIMAL CLASSIFICATION NUMBER | |
| Classification number | 001 |
| Item number | KAM/W |
| 100 ## - MAIN ENTRY--AUTHOR NAME | |
| Personal name | KAMATH, ANJALI |
| 245 ## - TITLE STATEMENT | |
| Title | WILD WEATHER |
| 650 ## - SUBJECT ADDED ENTRY--TOPICAL TERM | |
| Topical Term | GK |
| 942 ## - ADDED ENTRY ELEMENTS (KOHA) | |
| Koha item type | Books |
| Withdrawn status | Lost status | Collection code | Home library | Current library | Shelving location | Date acquired | Source of acquisition | Cost, normal purchase price | Full call number | Accession Number | Koha item type |
|---|---|---|---|---|---|---|---|---|---|---|---|
| G.K | Main Library | Main Library | SHELF-17E-SCIENCE RELATED BOOKS | 05/02/2019 | PURCHASE | 30.00 | 001 KAM/W | 11030 | Books |